| 000 | 01535nac a22003011u 4500 | ||
|---|---|---|---|
| 010 | _a 2005004040 | ||
| 020 | _a9780521770668 (hardback) | ||
| 020 | _a0521770661 (hardback) | ||
| 082 | 0 | 0 |
_a382.9 _bKRI |
| 090 |
_c9712 _d9712 |
||
| 100 | _aKrishna, Pravin. | ||
| 245 | 1 | 0 |
_aTrade blocs : economics and politics / _cPravin Krishna. |
| 260 |
_aCambridge ; _aNew York : _bCambridge University Press,2005. _cc2005. |
||
| 300 |
_axv, 200 p. : _bill. ; _c22 cm. |
||
| 440 | 0 | _aJapan-U.S. Center Sanwa monographs on international financial markets | |
| 500 | _aDistributer: Al-Ahram. | ||
| 504 | _aIncludes bibliographical references and index. | ||
| 505 | 0 | _aThe economics of preferential trade areas -- Necessarily welfare-improving preferential trade areas -- Geography and preferential trade agreements -- Preferential trading and multilateralism. | |
| 511 | _aCatalogued by: Sara. | ||
| 650 | 0 |
_aTrade blocs _xEconometric models. |
|
| 650 | 0 |
_aInternational trade _xEconometric models. |
|
| 650 | 0 |
_aProtectionism _xEconometric models. |
|
| 856 | 4 | 1 |
_3Table of contents only _uhttp://www.loc.gov/catdir/toc/ecip057/2005004040.html |
| 856 | 4 | 1 |
_3Publisher description _uhttp://www.loc.gov/catdir/enhancements/fy0632/2005004040-d.html |
| 856 | 4 | 1 |
_3Contributor biographical information _uhttp://www.loc.gov/catdir/enhancements/fy0732/2005004040-b.html |
| 942 |
_cBB _k382.9KRI |
||
| 999 |
_c9712 _d9712 |
||